| 000 | 00000nam##2200000za#4500 |
| 001 | 9.678832 |
| 003 | CaOODSP |
| 005 | 20250506145324 |
| 007 | ta |
| 008 | 150407|1992||||xxc||||| f|0| 0 fre|d |
| 020 | |a0-662-97284-8 |
| 040 | |aCaOODSP|bfre |
| 043 | |an-cn--- |
| 086 | 1 |aA63-1670/1992F |
| 110 | 1 |aCanada.|bAgriculture Canada. |
| 245 | 10|aAlimentation des vaches et des génisses de boucherie / |cpar L. M. Rode et al. |
| 260 | |aOttawa - Ontario : |bAgriculture Canada |c1992. |
| 300 | |a56p. : |bréférences, tableaux ; |c23 cm. |
| 500 | |aSommaire: Facteurs nutritionnels modifiant la performance "à vie".--Besoins alimentaires.--Effets du climat sur les besoins énergétiques.--Aliments.--Préparation des aliments.--Alimentation des génisses et des vaches.--Vêlage d'automne.--Alimentation des veaux à la dérobée.--Autres publications d'intérêt. |
| 563 | |aCouverture souple |
| 590 | |a92-24|b1992-06-12 |
| 720 | 1 |aRode, L. M. |
| 775 | 08|tFeeding beef cows and heifers / |w(CaOODSP)9.645047 |
| 776 | 0#|tAlimentation des vaches et des génisses de boucherie / |w(CaOODSP)9.642235 |
| 986 | |aPublication 1670/F |